New techniques in biophysical and cell biology. V 3. (Record no. 26863)

MARC details
000 -LEADER
fixed length control field 00396nam a2200145Ia 4500
082 ## - DEWEY DECIMAL CLASSIFICATION NUMBER
Classification number 576+577.3
Item number PAI.3
100 ## - MAIN ENTRY--AUTHOR NAME
Personal name PAIN, R H
245 #0 - TITLE STATEMENT
Title New techniques in biophysical and cell biology. V 3.
260 ## - PUBLICATION, DISTRIBUTION, ETC. (IMPRINT)
Place of publication London
Name of publisher John Wiley
Year of publication 1976
650 ## - SUBJECT ADDED ENTRY--TOPICAL TERM
Topical Term Cell biology
650 ## - SUBJECT ADDED ENTRY--TOPICAL TERM
Topical Term Photoelectron spectroscopy
700 ## - ADDED ENTRY--PERSONAL NAME
Personal name SMITH, B J
942 ## - ADDED ENTRY ELEMENTS (KOHA)
Koha item type Books
Holdings
Withdrawn status Lost status Damaged status Not for loan Home library Current library Date acquired Full call number Accession Number Koha item type
        RRII Library RRII Library 16/12/2021 576+577.3 PAI.3 07494 Books